Les 25 indispensables - Bandes-dessinées - Statistiques

Statistiques générales
  • Ce quiz a été pris 265 fois
  • Le résultat moyen est 9 sur 25
Statistiques - réponses
Top Scénario / Dessin Bande-dessinée % Correct
2 Goscinny / Uderzo Astérix
97%
6 Hergé Tintin
97%
4 Franquin Gaston
82%
14 Franquin Spirou et Fantasio
77%
20 Morris Lucky Luke
70%
19 Jacobs Blake et Mortimer
50%
5 Van Hamme / Vance XIII
47%
7 Van Hamme / Rosinski Thorgal
45%
12 Van Hamme / Francq Largo Winch
39%
8 Arleston / Tarquin Lanfeust de Troy
29%
1 Díaz Canalès / Guarnido Blacksad
28%
11 Charlier / Giraud Blueberry
26%
3 Le Tendre / Loisel La Quête de l'Oiseau du Temps
26%
24 Franquin Idées Noires
25%
13 Loisel Peter Pan
24%
18 Bourgeon Les Passagers du Vent
14%
15 Larcenet Le Combat Ordinaire
13%
17 Leo Aldébaran
12%
10 Ayroles / Masbou De Cape et de Crocs
12%
21 Van Hamme / Rosinski Le Grand Pouvoir du Chninkel
11%
23 Desberg / Marini Le Scorpion
10%
16 Bajram Universal War One
9%
9 Dufaux / Delaby Murena
8%
25 Morvan / Buchet Sillage
8%
22 Dorison / Alice Le Troisième Testament
6%
Aucun quiz correspondant
Distribution des résultats
% des personnes avec chaque résultat
Percentile par nombre de réponses
Votre historique - résultats
Vous n’avez pas pris ce quiz